000 00517nam a22001817a 4500
003 OSt
005 20221107031501.0
008 221107b |||||||| |||| 00| 0 eng d
020 _a9789966262349
040 _aMMU
_beng
_cMMU
_dMMU
050 _aPL8703.5 .Z353 2021
100 _aZaja, Ombogo J.
245 _aUtafiti na uchanganuzi fasihi tafsiri ya kiswahili/
_cJ.Omboga Zaja
260 _aKenya :
_bUtafiti foundation,
_c2021.
300 _aX, 338 P. :
650 _aTafsiri ya kiswahili
942 _2lcc
_cLOAN LOAN
999 _c32374
_d32371